The Clues are in German - Food - Statistics

General Stats
  • This quiz has been taken 64 times
  • The average score is 10 of 15
Answer Stats
Hint Answer % Correct
Welches von John Pemberton erfundene Getränk enthielt anfangs Kokain? Coca-Cola
90%
Was wird in Willy Wonkas Fabrik hergestellt? Schokolade
90%
Wer verwandelte laut Bibel Wasser in Wein? Jesus
86%
Aus welchem Land kommt Apfelstrudel? Österreich
84%
Was gibt es als Frankfurter oder Wiener? Würstchen
81%
Was gibt es in den Sorten Chai, Rooibos und Mate? Tee
79%
Was bestellt jemand mit den Worten "Una cerveza, por favor"? Bier
74%
Was gehört - neben Kaffeelikör und Milch oder Sahne - in einen White Russian? Wodka
69%
Wer ist das Maskottchen von Kellogg's Frosties? Tony the Tiger
66%
Die drei Makronährstoffe sind Kohlenhydrate, Fette und ...? Eiweiße
64%
Welcher indische Revolutionär veranlasste 1930 den Salzmarsch? Mohandas Gandhi
60%
Wenn das Leben dir Zitronen gibt, was sollst du daraus machen? Limonade
57%
Aus welcher Art Frucht werden Rosinen gemacht? Trauben
55%
Was ist Soylent Green? Menschenfleisch
38%
Wie heißt das Brot, das die Elben in Tolkiens "Der Herr der Ringe" backen? Lembas
21%
No matching quizzes found
Score Distribution
Percent of People with Each Score
Percentile by Number Answered
Your Score History
You have not taken this quiz